[Event "Faxe EMT"]
[Site "Faxe"]
[Date "2009.05.06"]
[Round "7"]
[White "Brinkhard, Anders"]
[Black "Hansen, Arne Mandrup"]
[Result "1/2-1/2"]
[WhiteElo "1432"]
[BlackElo "1397"]
[PlyCount "106"]
[EventDate "2009.03.18"]
[EventType "swiss"]
[EventRounds "7"]
[EventCountry "DEN"]
[SourceTitle "EXT 2023"]
[Source "ChessBase"]
[SourceDate "2022.10.05"]
[SourceVersion "1"]
[SourceVersionDate "2022.10.05"]
[SourceQuality "1"]

1. d4 Nf6 2. Nf3 d5 3. h3 Bf5 4. Bf4 e6 5. e3 c5 6. c3 Nc6 7. Nbd2 h6 8. Ne5 Bd6 9. Qa4 Bxe5 10. Bxe5 0-0 11. Bh2 c4 12. Be2 Qb6 13. b4 cxb3 14. Qxb3 Qxb3 15. axb3 a6 16. 0-0 Rfc8 17. Rfc1 Ne4 18. Nxe4 Bxe4 19. Bd6 Na7 20. Bc5 Nc6 21. b4 b5 22. Ra3 e5 23. Rca1 exd4 24. exd4 Nd8 25. Rxa6 Rxa6 26. Rxa6 Ne6 27. Bxb5 Nxc5 28. bxc5 Bf5 29. Ra1 Be6 30. Be2 Kf8 31. Ra7 Rb8 32. c6 Rb3 33. Ra8+ Ke7 34. c7 Rxc3 35. Ra7 Kd6 36. f4 Rxc7 37. Rxc7 Kxc7 38. Kf2 g5 39. Kg3 Kd6 40. fxg5 hxg5 41. h4 gxh4+ 42. Kxh4 Ke7 43. Kg5 f6+ 44. Kf4 Kf7 45. Bf3 Ke7 46. g4 Kf7 47. Be2 Ke7 48. Bd3 Kf7 49. g5 fxg5+ 50. Kxg5 Ke7 51. Bg6 Kd6 52. Kf6 Bh3 53. Bf5 Bf1 1/2-1/2